Welcome to CU Library Online Public Access Catalogue (OPAC)

An introduction to the New Testament / (Record no. 6783)

MARC details
000 -LEADER
fixed length control field 00699pam a2200205 a 4500
001 - CONTROL NUMBER
control field 4945623
005 - DATE AND TIME OF LATEST TRANSACTION
control field 20250630114030.0
008 - FIXED-LENGTH DATA ELEMENTS--GENERAL INFORMATION
fixed length control field 961118s1997 nyub b 001 0 eng
020 ## - INTERNATIONAL STANDARD BOOK NUMBER
International Standard Book Number 0385247672 (alk. paper)
050 00 - LIBRARY OF CONGRESS CALL NUMBER
Classification number BS2330.2
Item number .B76 1997
082 00 - DEWEY DECIMAL CLASSIFICATION NUMBER
Classification number 225.6/1
Edition information 21
100 1# - MAIN ENTRY--PERSONAL NAME
Personal name Brown, Raymond E.
Fuller form of name (Raymond Edward),
Dates associated with a name 1928-1998.
245 13 - TITLE STATEMENT
Title An introduction to the New Testament /
Statement of responsibility, etc. by Raymond E. Brown.
250 ## - EDITION STATEMENT
Edition statement 1st ed.
260 ## - PUBLICATION, DISTRIBUTION, ETC.
Place of publication, distribution, etc. New York :
Name of publisher, distributor, etc. Doubleday,
Date of publication, distribution, etc. 1997.
300 ## - PHYSICAL DESCRIPTION
Extent xxxvii, 878 p. :
Other physical details maps ;
Dimensions 24 cm.
440 #4 - SERIES STATEMENT/ADDED ENTRY--TITLE
Title The Anchor Bible reference library
856 42 - ELECTRONIC LOCATION AND ACCESS
Materials specified Publisher description
Uniform Resource Identifier <a href="http://www.loc.gov/catdir/description/random042/96037742.html">http://www.loc.gov/catdir/description/random042/96037742.html</a>
942 ## - ADDED ENTRY ELEMENTS (KOHA)
Source of classification or shelving scheme Library of Congress Classification
Koha item type Books
Suppress in OPAC No
999 ## -
-- 6783
-- 6783
Holdings
Withdrawn status Lost status Source of classification or shelving scheme Damaged status Not for loan Collection Home library Current library Shelving location Date acquired Total checkouts Full call number Barcode Date last seen Copy number Price effective from Koha item type
    Library of Congress Classification     Non-fiction Undergraduate Library (Christ Temple) Undergraduate Library (Christ Temple) General stacks 06/30/2025   BS2330.2 BRO ulct00003642 06/30/2025 1 06/09/2025 Books
© 2023-2024 Copyright: Central University Libraries. All Rights Reserved | Created by: Mahone Tech Office